00241nam a2200109Ia 4500008004100000100001500041245002900056260001500085300000900100942000700109999001500116190216s9999||||xx |||||||||||||| ||und|| aShukla M.C 0aManual Of Mercantile Law bNullc1983 a772p cBK c5337d5337